Strategic decision analysis (Record no. 76838)

MARC details
000 -LEADER
fixed length control field 01176nam a2200229 a 4500
008 - FIXED-LENGTH DATA ELEMENTS--GENERAL INFORMATION
fixed length control field 080109s1981 ||||||||||||||||| || u
020 ## - INTERNATIONAL STANDARD BOOK NUMBER
International Standard Book Number 0316694002
050 ## - LIBRARY OF CONGRESS CALL NUMBER
Classification number HD 31 Pat
100 ## - MAIN ENTRY--PERSONAL NAME
Personal name Patz, Alan L., 1939-
245 10 - TITLE STATEMENT
Title Strategic decision analysis
246 ## -
-- a general management framework
260 ## - PUBLICATION, DISTRIBUTION, ETC.
Place of publication, distribution, etc. Boston
Name of publisher, distributor, etc. Little, Brown and Company
Date of publication, distribution, etc. 1981
300 ## - PHYSICAL DESCRIPTION
Extent xviii, 699p. : ill.
350 ## -
-- 0.00
500 ## - GENERAL NOTE
General note Includes bibliographical references and index.
650 #0 - SUBJECT ADDED ENTRY--TOPICAL TERM
Topical term or geographic name entry element MANAGEMENT
650 ## - SUBJECT ADDED ENTRY--TOPICAL TERM
Topical term or geographic name entry element MANAGEMENT DECISION MAKING
995 ## -
-- ANNEX COLLECTION (Main Library)
-- 0.00
-- 709503
-- CBU-MAIN LIBRARY (Kitwe)
-- 3
-- 24.95
-- HD 31 Pat
-- 2
-- AVAILABLE
-- 003388
-- Annex Low-Usage Collection
995 ## -
-- MAIN LIBRARY OPEN ACCESS
-- 0.00
-- 709502
-- CBU-MAIN LIBRARY (Kitwe)
-- 2
-- 24.95
-- HD 31 Pat
-- 3
-- AVAILABLE
-- 003389
-- Main Library Open Access Collection
995 ## -
-- ANNEX COLLECTION (Main Library)
-- 0.00
-- 709504
-- CBU-MAIN LIBRARY (Kitwe)
-- 4
-- 24.95
-- HD 31 Pat
-- 1
-- AVAILABLE
-- 003387
-- Annex Low-Usage Collection
995 ## -
-- ANNEX COLLECTION (Main Library)
-- 0.00
-- 709501
-- CBU-MAIN LIBRARY (Kitwe)
-- 1
-- 24.95
-- HD 31 Pat
-- 4
-- AVAILABLE
-- 003390
-- Annex Low-Usage Collection
999 ## -
-- 76838
-- 76838
Holdings
Withdrawn status Lost status Source of classification or shelving scheme Damaged status Not for loan Permanent Location Current Location Date acquired Full call number Barcode Date last seen Copy number Price effective from Koha item type Shelving location Total Checkouts
Withdrawn         CBU-MAIN LIBRARY, KITWE. CBU-MAIN LIBRARY, KITWE. 04/25/2023 HD 31 Pat 003388 04/25/2023 1 04/25/2023 MONOGRAPH    
          CBU-MAIN LIBRARY, KITWE. CBU-MAIN LIBRARY, KITWE. 04/25/2023 HD 31 Pat 003389 04/25/2023 2 04/25/2023 MONOGRAPH    
          CBU-MAIN LIBRARY, KITWE. CBU-MAIN LIBRARY, KITWE. 04/25/2023 HD 31 Pat 003387 04/25/2023 3 04/25/2023 MONOGRAPH    
          CBU-MAIN LIBRARY, KITWE. CBU-MAIN LIBRARY, KITWE. 04/25/2023 HD 31 Pat 003390 04/25/2023 4 04/25/2023 MONOGRAPH